Is there a family in the house?: (Record no. 14608)

000 -LEADER
fixed length control field 00840nam a2200229 a 4500
001 - CONTROL NUMBER
control field :::00012440$&:&@@
003 - CONTROL NUMBER IDENTIFIER
control field OkBaRHE
005 - DATE AND TIME OF LATEST TRANSACTION
control field 20000607103419.0
008 - FIXED-LENGTH DATA ELEMENTS--GENERAL INFORMATION
fixed length control field s1978 j 000 0 eng u
020 ## - INTERNATIONAL STANDARD BOOK NUMBER
International Standard Book Number 084990109X
040 ## - CATALOGING SOURCE
Transcribing agency
100 1# - MAIN ENTRY--PERSONAL NAME
Personal name Chafin, Kenneth.
245 10 - TITLE STATEMENT
Title Is there a family in the house?:
Remainder of title a realistic and hopeful look at marriage and the family today.
260 ## - PUBLICATION, DISTRIBUTION, ETC. (IMPRINT)
Place of publication, distribution, etc Waco, TX., :
Name of publisher, distributor, etc Word Books
Date of publication, distribution, etc c1978
300 ## - PHYSICAL DESCRIPTION
Extent 158 p. ;
Dimensions 23 cm.
650 ## - SUBJECT ADDED ENTRY--TOPICAL TERM
Topical term or geographic name as entry element Family
650 ## - SUBJECT ADDED ENTRY--TOPICAL TERM
Topical term or geographic name as entry element Marriage
942 ## - ADDED ENTRY ELEMENTS (KOHA)
Source of classification or shelving scheme
Koha item type Books
Copies
Withdrawn status Shelving location Lost status Koha item type Permanent Location Damaged status Barcode Price effective from Date last seen Full call number Not for loan Copy number Source of classification or shelving scheme Date acquired
 General Stacks BooksRHEMA Bible Training College 124402010-04-142010-04-14HQ 734 .C42 1 2010-04-14
 General Stacks BooksRHEMA Bible Training College 199932010-04-142010-04-14HQ 734 .C42 2 2010-04-14
 General Stacks BooksRHEMA Bible Training College 199942010-04-142010-04-14HQ 734 .C42 3 2010-04-14